|
|
|
|
| LEADER |
00000nam0a2200000 4500 |
| 001 |
84578 |
| 005 |
20231101213349.0 |
| 010 |
|
|
|a 5819900405
|
| 035 |
|
|
|a (RuTPU)RU\TPU\book\90904
|
| 090 |
|
|
|a 84578
|
| 100 |
|
|
|a 20051101d2006 m y0rusy50 ca
|
| 101 |
0 |
|
|a rus
|
| 102 |
|
|
|a RU
|
| 105 |
|
|
|a a j 001zy
|
| 200 |
1 |
|
|a Теоретические основы электротехники
|e учебник для среднего профессионального образования
|f Е. А. Лоторейчук
|
| 210 |
|
|
|a Москва
|c Форум
|d 2006
|
| 215 |
|
|
|a 317 с.
|c ил.
|
| 225 |
1 |
|
|a Профессиональное образование
|
| 320 |
|
|
|a Библиогр.: с. 310.
|
| 606 |
1 |
|
|a Электротехника теоретическая
|2 stltpush
|3 (RuTPU)RU\TPU\subj\20909
|9 45970
|
| 610 |
1 |
|
|a теоретические основы
|
| 610 |
1 |
|
|a ТОЭ
|
| 610 |
1 |
|
|a теорема Гаусса
|
| 610 |
1 |
|
|a электрические поля
|
| 610 |
1 |
|
|a электрические цепи постоянного тока
|
| 610 |
1 |
|
|a электрические цепи переменного тока
|
| 610 |
1 |
|
|a расчет
|
| 610 |
1 |
|
|a законы Кирхгофа
|
| 610 |
1 |
|
|a электростатические цепи
|
| 610 |
1 |
|
|a магнитные поля
|
| 610 |
1 |
|
|a параметры
|
| 610 |
1 |
|
|a магнитные цепи
|
| 610 |
1 |
|
|a электромагнитная индукция
|
| 610 |
1 |
|
|a электрические цепи синусоидального тока
|
| 610 |
1 |
|
|a трехфазные цепи
|
| 610 |
1 |
|
|a вращающиеся магнитные поля
|
| 610 |
1 |
|
|a несинусоидальные токи
|
| 610 |
1 |
|
|a переходные процессы
|
| 610 |
1 |
|
|a учебники
|
| 675 |
|
|
|a 621.3.01(075.32)
|v 3
|
| 700 |
|
1 |
|a Лоторейчук
|b Е. А.
|g Евсей Александрович
|
| 801 |
|
1 |
|a RU
|b 63413507
|c 20051101
|g PSBO
|
| 801 |
|
2 |
|a RU
|b 63413507
|c 20130122
|g PSBO
|
| 900 |
|
|
|a Теоретические основы электротехники
|
| 942 |
|
|
|c BK
|
| 952 |
|
|
|b 140600
|
| 959 |
|
|
|a 84/20051019
|d 2
|e 122,21
|f ЧЗТЛ:2
|